<?xml version="1.0" encoding="UTF-8"?>
<collection xmlns="http://www.loc.gov/MARC21/slim">
<record>
  <controlfield tag="001">147027</controlfield>
  <controlfield tag="005">20241205091043.0</controlfield>
  <datafield tag="024" ind1="7" ind2=" ">
    <subfield code="2">doi</subfield>
    <subfield code="a">10.6018/nav.608391</subfield>
  </datafield>
  <datafield tag="024" ind1="8" ind2=" ">
    <subfield code="2">sideral</subfield>
    <subfield code="a">140864</subfield>
  </datafield>
  <datafield tag="037" ind1=" " ind2=" ">
    <subfield code="a">ART-2024-140864</subfield>
  </datafield>
  <datafield tag="041" ind1=" " ind2=" ">
    <subfield code="a">spa</subfield>
  </datafield>
  <datafield tag="100" ind1=" " ind2=" ">
    <subfield code="a">Padrón Alemán, Miguel Ceferino</subfield>
    <subfield code="0">(orcid)0000-0003-1269-5826</subfield>
  </datafield>
  <datafield tag="245" ind1=" " ind2=" ">
    <subfield code="a">Trancado el dominó: Reminiscencias del período especial en la crisis cubana (1990-2023).</subfield>
  </datafield>
  <datafield tag="260" ind1=" " ind2=" ">
    <subfield code="c">2024</subfield>
  </datafield>
  <datafield tag="520" ind1="3" ind2=" ">
    <subfield code="a">This article analyzes the phenomena of the so-called "Special Period in Time of Peace" of the 1990s and the influence that these have had on the economic, social, and political crisis of the Cuban Revolution after the outbreak of Covid-19 and the implementation of economic reforms on the island. Likewise, the optics emerged in publications by the Cuban system are presented, as well as the cultural products that reactively explain the Cuban reality. Finally, we emphasize the importance of the historical discipline to analyzes the Cuban present.
Este artículo analiza los fenómenos del llamado “Periodo Especial en tiempo de paz” de la década de los 90 y los ecos de estos en la crisis económica, social y política de la Revolución Cubana tras el estallido de la Covid-19 y la implantación de reformas de carácter económico en la isla. Asimismo, se presenta la óptica emergida en publicaciones provenientes de Cuba, así como los productos culturales que de forma reactiva explican la realidad cubana. Por último, se destaca la importancia de la disciplina histórica en el análisis del presente cubano.</subfield>
  </datafield>
  <datafield tag="506" ind1="0" ind2=" ">
    <subfield code="a">Access copy available to the general public</subfield>
    <subfield code="f">Unrestricted</subfield>
  </datafield>
  <datafield tag="540" ind1=" " ind2=" ">
    <subfield code="9">info:eu-repo/semantics/openAccess</subfield>
    <subfield code="a">by-nc-nd</subfield>
    <subfield code="u">http://creativecommons.org/licenses/by-nc-nd/3.0/es/</subfield>
  </datafield>
  <datafield tag="655" ind1=" " ind2="4">
    <subfield code="a">info:eu-repo/semantics/article</subfield>
    <subfield code="v">info:eu-repo/semantics/publishedVersion</subfield>
  </datafield>
  <datafield tag="773" ind1=" " ind2=" ">
    <subfield code="g">32 (2024), [37 pp.]</subfield>
    <subfield code="p">Naveg@merica</subfield>
    <subfield code="t">Naveg@merica</subfield>
    <subfield code="x">1989-211X</subfield>
  </datafield>
  <datafield tag="856" ind1="4" ind2=" ">
    <subfield code="s">420494</subfield>
    <subfield code="u">http://zaguan.unizar.es/record/147027/files/texto_completo.pdf</subfield>
    <subfield code="y">Versión publicada</subfield>
  </datafield>
  <datafield tag="856" ind1="4" ind2=" ">
    <subfield code="s">2217238</subfield>
    <subfield code="u">http://zaguan.unizar.es/record/147027/files/texto_completo.jpg?subformat=icon</subfield>
    <subfield code="x">icon</subfield>
    <subfield code="y">Versión publicada</subfield>
  </datafield>
  <datafield tag="909" ind1="C" ind2="O">
    <subfield code="o">oai:zaguan.unizar.es:147027</subfield>
    <subfield code="p">articulos</subfield>
    <subfield code="p">driver</subfield>
  </datafield>
  <datafield tag="951" ind1=" " ind2=" ">
    <subfield code="a">2024-12-05-08:46:53</subfield>
  </datafield>
  <datafield tag="980" ind1=" " ind2=" ">
    <subfield code="a">ARTICLE</subfield>
  </datafield>
</record>
</collection>